000 00621nam a2200253 a 4500
001 nice12345678
003 IN_TiNIC
005 20260116012851.0
008 050524s1979 boma grp 000 0 urd
020 _a
_c40
082 0 0 _a891.4391
_bRAZ2
100 _aRaza, Kalidas Gupta
245 _aChakbast Awr Baqiyat-E-Chakbast
260 _aBombay
_bVimal Pub
_c1979
300 _a276p
500 _aincludes index and biblioraphy
505 2 _aIndex, Bibliography
650 _aUrdu-Poetry
650 _aPoetry-Chakbast
700 1 _aRaza, Kalidas Gupta
902 _bSRS
942 _cBK
999 _c8702
_d8702